| 000 | 00652cam a2200229 a 4500 | ||
|---|---|---|---|
| 001 | 1036978 | ||
| 005 | 20180224031057.0 | ||
| 008 | 890929s1990 ilua a 001 0 eng | ||
| 010 | _a 89028365 | ||
| 020 | _a0838905269 (alk. paper) | ||
| 040 |
_aDLC _cDLC _dDLC |
||
| 041 | _aeng | ||
| 043 | _an-us--- | ||
| 080 | _a016.3052 | ||
| 082 | 0 | 0 |
_a016.3052 DON _220 |
| 100 | 1 | _a40 | |
| 101 | _aMED | ||
| 245 | 1 | 0 |
_aAging with style and savvy / _cDenise Perry Donavin. |
| 906 |
_a7 _bcbc _corignew _d1 _eocip _f19 _gy-gencatlg |
||
| 942 |
_2ddc _cBK |
||
| 999 |
_c43351 _d43351 |
||